000 00973nam a2200289 a 4500
001 000039763
003 DO-SdBNP
005 20240530073922.0
008 081218t1998 dr 000 f spa d
020 _a9945160222
020 _a9789945160222
040 _aDO-SdBNP
_bspa
_cBNPHU
082 _aRD863.44
_bS787t, 1998
100 1 _aStanley, Avelino,
_d1959-
_91536
245 1 0 _aTiempo muerto /
_cAvelino Stanley.
260 _aSanto Domingo :
_bCocolo Editorial,
_c1998.
300 _a221 p. ;
_c22 cm.
500 _aLa biblioteca posee la décimoquinta reimpresión de la primera edicion 2006
500 _aIncluye datos biográficos del autor en la solapa de la cubierta
586 _aPremio Nacional de Novela 1997
590 _aInventariado, 2020 /LP
650 0 _aNovela dominicana
_9223
650 0 _aLiteratura dominicana.
_967
650 4 _aNegros
_zCaribe (Región)
_xNovela
_965956
910 _aValidado. Control de calidad MFF
942 _2ddc
_cLBS1
999 _c39253
_d39253